[Event "Norrkoeping Easter op"]
[Site "Norrkoeping"]
[Date "2023.04.07"]
[Round "1"]
[White "Crevatin, Leo"]
[Black "Borin, Jesper"]
[Result "1-0"]
[WhiteElo "2292"]
[BlackElo "1801"]
[PlyCount "49"]
[EventDate "2023.04.07"]
[EventType "swiss"]
[EventRounds "8"]
[EventCountry "SWE"]
[SourceTitle "CBM 213 Extra"]
[Source "ChessBase"]
[SourceDate "2023.05.31"]
[SourceVersion "1"]
[SourceVersionDate "2023.05.31"]
[SourceQuality "1"]

1. d4 Nf6 2. c4 d6 3. Nf3 g6 4. Nc3 Bg7 5. e4 0-0 6. Be2 Na6 7. Be3 e5 8. 0-0 Ng4 9. Bg5 f6 10. Bc1 f5 11. h3 Nf6 12. exf5 Bxf5 13. dxe5 dxe5 14. Bg5 Qe8 15. Qb3 Nc5 16. Qa3 Nfe4 17. Nxe4 Nxe4 18. Be3 Nd6 19. c5 Nb5 20. Qb3+ Be6 21. Qxb5 Qxb5 22. Bxb5 Bxh3 23. Ng5 Bf5 24. Bc4+ Kh8 25. Nf7+ 1-0